Межвузовский сборник научных трудов. Вып.90 (Запись № 2174830)

Подробности
000 -МАРКЕР
контрольное поле 01675nam2a22002651 4500
001 - ИДЕНТИФИКАТОР ЗАПИСИ
контрольное поле RU\NLR\IC100\5000001964
005 - ИДЕНТИФИКАТОР ВЕРСИИ
контрольное поле 20250617043533.0
035 ## - ДРУГИЕ СИСТЕМНЫЕ НОМЕРА
Идентификатор записи (NLR Aleph) 002452289
100 ## - ДАННЫЕ ОБЩЕЙ ОБРАБОТКИ
Данные общей обработки 20051107d1971 |||y0rusy50 ca
101 0# - ЯЗЫК РЕСУРСА
Язык текста, звукозаписи и т.д. русский
102 ## - СТРАНА ПУБЛИКАЦИИ ИЛИ ПРОИЗВОДСТВА
Страна публикации Российская Федерация
105 ## - ПОЛЕ КОДИРОВАННЫХ ДАННЫХ: ТЕКСТОВЫЕ МАТЕРИАЛЫ, МОНОГРАФИЧЕСКИЕ
Кодированные данные о монографическом текстовом документе y ||||000|y
200 0# - ЗАГЛАВИЕ И СВЕДЕНИЯ ОБ ОТВЕТСТВЕННОСТИ
Основное заглавие Вып.90
210 ## - ПУБЛИКАЦИЯ, РАСПРОСТРАНЕНИЕ И ДР.
Дата издания, распространения и т.д. 1971
Место издания, распространения и т.д. Б. м.
225 1# - СЕРИЯ
Основное заглавие серии ...
Обозначение тома Вып.90
Наименование части ...
Обозначение тома [Вып.1]
461 #0 - УРОВЕНЬ НАБОРА
Встроенное поле 001RU\NLR\INFOCOMM18\1000022688
-- 2001#$aМежвузовский сборник научных трудов$fКуйбышев. гос. пед. ин-т им. В.В. Куйбышева$vВып.90
Системный номер (АБИС) связанной записи 2398078
Автор Куйбышевский государственный педагогический институт имени В.В. Куйбышева
Место публикации Куйбышев
Дата публикации 1938-
Первые сведения об ответственности Куйбышев. гос. пед. ин-т им. В.В. Куйбышева
Заглавие Межвузовский сборник научных трудов
Номер тома Вып.90
462 #0 - УРОВЕНЬ ПОДНАБОРА
Встроенное поле 001RU\NLR\IC100\5000001953
-- 2001#$aИз истории Среднего Поволжья и Приуралья$fМ-во просв. РСФСР. Куйбышевский гос. пед. ин-т им. В.В.Куйбышева$v[Вып.1]
Системный номер (АБИС) связанной записи 2174820
Место публикации Куйбышев
Дата публикации 1971-
Первые сведения об ответственности М-во просв. РСФСР. Куйбышевский гос. пед. ин-т им. В.В.Куйбышева
Заглавие Межвузовский сборник научных трудов. - Из истории Среднего Поволжья и Приуралья
Номер тома [Вып.1]
801 #1 - ИСТОЧНИК ЗАПИСИ
Страна Российская Федерация
Организация InfoComm
Дата составления 20051107
801 #0 - ИСТОЧНИК ЗАПИСИ
Страна Российская Федерация
Организация NLR
Правила каталогизации PSBO
852 ## - МЕСТОНАХОЖДЕНИЕ И ШИФР ХРАНЕНИЯ
Идентификатор организации NLR
Шифр хранения (Call Number) П28/413
942 ## - ДОПОЛНИТЕЛЬНЫЕ ЭЛЕМЕНТЫ ЗАПИСИ (АБИС)
Тип экземпляра АБИС Выпуск
980 ## - КОЛЛЕКЦИЯ
Название коллекции Национальная библиография
980 ## - КОЛЛЕКЦИЯ
Название коллекции Русская периодика

Нет доступных экземпляров.